[Event "RN-2011-0-00402"]
[Site "LSS email"]
[Date "2011.08.26"]
[Round "?"]
[White "Borge, Sharlo"]
[Black "Skala, Rafal"]
[Result "1-0"]
[WhiteElo "1074"]
[BlackElo "800"]
[PlyCount "37"]
[EventDate "2011.08.10"]
[EventType "tourn (corr)"]
[EventRounds "6"]
[EventCountry "GER"]
[SourceTitle "Telechess CBM 157"]
[Source "ChessBase"]
[SourceDate "2013.11.12"]
[SourceVersion "1"]
[SourceVersionDate "2013.11.12"]
[SourceQuality "1"]

1. e4 c6 2. d4 d5 3. Nc3 dxe4 4. Nxe4 Bf5 5. Ng3 Bg6 6. Nh3 e6 7. Nf4 Qc7 8. h3 Bd6 9. Nxg6 hxg6 10. Ne4 Nf6 11. Nxd6+ Qxd6 12. c3 Nbd7 13. Qc2 Qd5 14. Be3 Ng4 15. Bd2 0-0-0 16. f3 Ngf6 17. Qa4 Kb8 18. 0-0-0 Nb6 19. Bf4+ 1-0

[Event "OP-2011-0-01740"]
[Site "LSS email"]
[Date "2011.08.24"]
[Round "?"]
[White "Skala, Rafal"]
[Black "Ausan, Leo Tito Jr"]
[Result "1-0"]
[WhiteElo "1883"]
[BlackElo "1306"]
[PlyCount "59"]
[EventDate "2011.08.21"]
[EventType "tourn (corr)"]
[EventRounds "4"]
[EventCountry "GER"]
[SourceTitle "Corr 2022"]
[Source "ChessBase"]
[SourceDate "2021.10.24"]
[SourceVersion "1"]
[SourceVersionDate "2021.10.24"]
[SourceQuality "1"]

1. g3 b6 2. Bg2 d5 3. c4 e6 4. Nc3 Nf6 5. d4 c6 6. cxd5 exd5 7. Nf3 Bd6 8. 0-0 0-0 9. Bg5 h6 10. Bxf6 Qxf6 11. e4 dxe4 12. Nxe4 Qd8 13. Nxd6 Qxd6 14. Re1 Be6 15. Ne5 Bd5 16. Rc1 Bxa2 17. b3 Na6 18. Nxc6 Nb4 19. Ne7+ Kh8 20. Bxa8 Rxa8 21. Qf3 Rf8 22. d5 a5 23. Re6 Qd7 24. Rxh6+ gxh6 25. Qf6+ Kh7 26. Nf5 Qxf5 27. Qxf5+ Kg7 28. Rc4 f6 29. Rg4+ Kh8 30. Qh5 1-0